000 01500cam a2200433 a 4500
001 84152805
003 OCoLC
005 20260109054431.0
008 070205s2007 nyu c 000 1 eng
010 _a 2007000164
020 _a9780375838811
_q(trade)
020 _a0375838813
_q(trade)
020 _a9780375938818
_q(lib. bdg.)
020 _a0375938818
_q(lib. bdg.)
020 _a9780375838828
_q(pbk.)
020 _a0375838821
_q(pbk.)
020 _a9780606074896
_q(Turtleback Books)
035 _a(OCoLC)84152805
040 _aDLC
_cDLC
_dBTCTA
_dBAKER
_dLF3
_dSO$
042 _alcac
082 0 0 _a[Fic]
_222
092 _fJ
_aWILSON
100 1 _aWilson, Nathan D.
_eauthor.
245 1 0 _a100 cupboards /
_cN.D. Wilson.
246 3 _aOne hundred cupboards.
250 _a1st ed.
260 _aNew York :
_bRandom House,
_cc2007.
300 _a289 p. ;
_c22 cm.
520 _aAfter his parents are kidnapped, timid twelve-year-old Henry York leaves his sheltered Boston life and moves to small-town Kansas, where he and his cousin Henrietta discover and explore hidden doors in his attic room that seem to open onto other worlds.
650 0 _aDoors
_vJuvenile fiction.
650 0 _aMagic
_vJuvenile fiction.
650 0 _aSpace and time
_vJuvenile fiction.
650 0 _aCousins
_vJuvenile fiction.
650 0 _aFamilies
_zKansas
_vJuvenile fiction.
651 0 _aKansas
_vJuvenile fiction.
830 0 _a100 cupboards ;
_vbk 1.
907 _a.b211477369
942 _cBK
999 _c31448
_d31446